[Event "24. OSREDNJA SLOVENSKA LIGA 2023"]
[Site "gostovanja"]
[Date "2023.09.18"]
[Round "1.1"]
[White "Peric, Bernard"]
[Black "Marn, Jan"]
[Result "1/2-1/2"]
[WhiteElo "2160"]
[BlackElo "2335"]
[PlyCount "119"]
[EventDate "2023.09.18"]
[WhiteTeam "SK VISNJA GORA - STICNA"]
[BlackTeam "SD MENGES - TRZIN"]

1. e4 e5 2. Nf3 Nc6 3. Nc3 Nf6 4. d4 exd4 5. Nxd4 Bb4 6. Nxc6 bxc6 7. Bd3 O-O
8. O-O Re8 9. Qf3 Rb8 10. Bg5 Bd6 11. Bxf6 Qxf6 12. Qxf6 gxf6 13. Rab1 Be5 14.
g3 d6 15. Kg2 Be6 16. a3 c5 17. f4 c4 18. Be2 Bxc3 19. bxc3 Bd5 20. Bf3 Bc6 21.
Rb4 a5 22. Rxb8 Rxb8 23. e5 Bxf3+ 24. Kxf3 fxe5 25. fxe5 dxe5 26. Ke4 Rb2 27.
Rf2 Ra2 28. Kxe5 Rxa3 29. Kd4 Ra2 30. Kxc4 Rb2 31. Kd3 Rb6 32. Rf4 Kg7 33. Ra4
Ra6 34. Kc4 Rh6 35. h4 Rg6 36. Rxa5 Rxg3 37. Rc5 Rg4+ 38. Kd3 Rxh4 39. Rxc7
Rh3+ 40. Ke4 Rh2 41. Kd3 h5 42. c4 h4 43. c5 h3 44. Re7 Rg2 45. Re4 h2 46. Rh4
Kf6 47. c4 Ke5 48. Rh6 Rg3+ 49. Ke2 Rc3 50. Kd2 Rxc4 51. Rxh2 Rxc5 52. Rh7 f5
53. Ke3 Rc3+ 54. Kf2 Ke4 55. Re7+ Kf4 56. Ra7 Rc2+ 57. Kf1 Kg4 58. Rb7 f4 59.
Rb3 Ra2 60. Rc3 1/2-1/2

[Event "24. OSREDNJA SLOVENSKA LIGA 2023"]
[Site "gostovanja"]
[Date "2023.09.18"]
[Round "1.2"]
[White "Mihelic, Vesna"]
[Black "Medvesek, Janez"]
[Result "1-0"]
[WhiteElo "2020"]
[BlackElo "1836"]
[PlyCount "160"]
[EventDate "2023.09.18"]
[WhiteTeam "SD MENGES - TRZIN"]
[BlackTeam "SK VISNJA GORA - STICNA"]

1. e4 c6 2. d4 d5 3. exd5 cxd5 4. Bd3 Nc6 5. c3 Nf6 6. Bf4 Bg4 7. Qb3 Qc8 8.
Nd2 e6 9. Ngf3 Be7 10. O-O Bh5 11. Ne5 O-O 12. Bg5 Qc7 13. f4 Bg6 14. Bxg6 hxg6
15. Rae1 Rab8 16. Qd1 b5 17. Re3 Rfc8 18. Rh3 Kf8 19. Nxc6 Qxc6 20. Rh8+ Ng8
21. Rxg8+ Kxg8 22. Bxe7 a5 23. a3 f6 24. Bc5 Kf7 25. Re1 Rh8 26. Qg4 Rbe8 27.
Nb3 a4 28. Nc1 Rh6 29. h4 Reh8 30. g3 Rc8 31. Nd3 Rh5 32. Nb4 Qd7 33. Nc2 Rh6
34. Qf3 Qc6 35. Kf2 Qd7 36. Ne3 Rh7 37. Rb1 Rhh8 38. b3 axb3 39. Rxb3 Rb8 40.
Qe2 Rhe8 41. Qg4 Rh8 42. Rb1 Qc6 43. Qd1 Qa6 44. Qb3 Rhd8 45. Nc2 Qc8 46. Qb4
Qa6 47. Na1 Rh8 48. Nc2 Rhd8 49. Ne1 Re8 50. Nd3 Red8 51. g4 Kg8 52. Qb3 Qc8
53. Kg3 Kf7 54. Rd1 Qd7 55. Rb1 Qe8 56. Re1 Qc6 57. Nb4 Qd7 58. Qd1 Rh8 59. Qf3
Ra8 60. Nd3 Rae8 61. Rh1 Rh7 62. h5 Reh8 63. hxg6+ Kxg6 64. Rxh7 Kxh7 65. f5
Kg8 66. Nf4 exf5 67. Qxd5+ Qxd5 68. Nxd5 fxg4 69. Kxg4 Kf7 70. Nc7 Rb8 71. d5
g6 72. d6 Rd8 73. Kf4 Rb8 74. Ke4 Rc8 75. Kd5 g5 76. d7 Rd8 77. Kd6 g4 78. Ne6
Rh8 79. d8=Q Rxd8+ 80. Nxd8+ Kg6 1-0

[Event "24. OSREDNJA SLOVENSKA LIGA 2023"]
[Site "gostovanja"]
[Date "2023.09.18"]
[Round "1.3"]
[White "Kirasic, Branko"]
[Black "Sedlar, Tomo"]
[Result "1/2-1/2"]
[WhiteElo "1875"]
[BlackElo "1783"]
[PlyCount "42"]
[EventDate "2023.09.18"]
[WhiteTeam "SK VISNJA GORA - STICNA"]
[BlackTeam "SD MENGES - TRZIN"]

1. e4 e5 2. Nf3 Nc6 3. Bb5 Bc5 4. O-O Nge7 5. c3 O-O 6. d4 exd4 7. cxd4 Bb6 8.
d5 Nb8 9. d6 Ng6 10. e5 f6 11. h4 Nxe5 12. Nxe5 fxe5 13. Bg5 Qe8 14. Be7 Rf6
15. Bxf6 gxf6 16. Bc4+ Kh8 17. Nc3 Nc6 18. Nd5 cxd6 19. Nxf6 Qg6 20. Qxd6 Kg7
21. a4 Qxf6 1/2-1/2

[Event "24. OSREDNJA SLOVENSKA LIGA 2023"]
[Site "gostovanja"]
[Date "2023.09.18"]
[Round "1.4"]
[White "Simicak, Metod"]
[Black "Jancigaj, Saso Valentin"]
[Result "1-0"]
[WhiteElo "1741"]
[BlackElo "1673"]
[PlyCount "89"]
[EventDate "2023.09.18"]
[WhiteTeam "SD MENGES - TRZIN"]
[BlackTeam "SK VISNJA GORA - STICNA"]

1. e4 d5 2. Bd3 dxe4 3. Bxe4 Nf6 4. Nc3 c6 5. Nge2 e5 6. d3 Nd5 7. a3 f5 8. Bf3
Be6 9. g3 Be7 10. Bd2 Nd7 11. Na2 N7f6 12. c4 Nb6 13. Ba5 O-O 14. Qc2 Qd7 15.
O-O-O Nc8 16. Bc3 Qc7 17. Kb1 a5 18. Rhe1 b5 19. cxb5 Rb8 20. Bxc6 Bxa3 21. f4
Bd6 22. fxe5 Bxe5 23. Bxe5 Qxe5 24. Nf4 Bxa2+ 25. Kxa2 Qd6 26. Qc4+ Kh8 27. Re6
Qc7 28. Rde1 Nb6 29. Qc5 Na4 30. Qa3 Nb6 31. Re7 Qc8 32. Ne6 Rg8 33. Rc7 Nbd5
34. Rxc8 Nb4+ 35. Qxb4 axb4 36. Rxg8+ Kxg8 37. Kb3 h6 38. Kxb4 Kf7 39. d4 g6
40. d5 Ne4 41. Nc5 Nf2 42. d6 Rd8 43. d7 Ne4 44. Nxe4 fxe4 45. Rxe4 1-0

[Event "24. OSREDNJA SLOVENSKA LIGA 2023"]
[Site "gostovanja"]
[Date "2023.09.18"]
[Round "1.1"]
[White "Justin, Matjaz"]
[Black "Skok, Boris"]
[Result "1-0"]
[WhiteElo "2227"]
[BlackElo "1938"]
[PlyCount "71"]
[EventDate "2023.09.18"]
[WhiteTeam "SD VRHNIKA"]
[BlackTeam "SD CRNI GRABEN"]

1. e4 c5 2. Nf3 e6 3. d4 cxd4 4. Nxd4 Nc6 5. Nc3 Qc7 6. g3 a6 7. Bg2 Nf6 8. O-O
h5 9. h3 Bc5 10. Nxc6 bxc6 11. Qd3 a5 12. Re1 Ba6 13. Qf3 e5 14. Be3 Be7 15. b3
d6 16. Na4 Rb8 17. c4 Bc8 18. Bd2 Be6 19. Qc3 Qd7 20. Kh2 h4 21. g4 g5 22. c5
dxc5 23. Rad1 c4 24. Bxg5 Qc7 25. Bxf6 Bxf6 26. Nc5 cxb3 27. Na6 Qb6 28. Nxb8
Qxb8 29. f4 O-O 30. g5 Be7 31. f5 Bb4 32. Qf3 Bxe1 33. Rxe1 Qb4 34. Rf1 Bc4 35.
Qh5 Qd2 36. f6 1-0

[Event "24. OSREDNJA SLOVENSKA LIGA 2023"]
[Site "gostovanja"]
[Date "2023.09.18"]
[Round "1.2"]
[White "Hribar, Janez"]
[Black "Siraj, Svit"]
[Result "0-1"]
[WhiteElo "1888"]
[BlackElo "1914"]
[PlyCount "144"]
[EventDate "2023.09.18"]
[WhiteTeam "SD CRNI GRABEN"]
[BlackTeam "SD VRHNIKA"]

1. d4 Nf6 2. Nf3 d5 3. Bf4 c5 4. e3 Nc6 5. c3 Qb6 6. Qb3 c4 7. Qxb6 axb6 8.
Nbd2 h6 9. h3 b5 10. Ne5 Bf5 11. Nxc6 bxc6 12. a3 e6 13. g4 Bg6 14. Rd1 c5 15.
dxc5 Bxc5 16. Be5 O-O 17. Bg2 Rad8 18. O-O Nd7 19. Bc7 Rc8 20. Bg3 Rfd8 21. Nf3
Nb6 22. Nd4 Bxd4 23. exd4 Bd3 24. Rfe1 Rd7 25. Rd2 Ra8 26. Bf1 Bg6 27. h4 Na4
28. Re3 Rc8 29. h5 Bb1 30. f4 Be4 31. Bh3 f5 32. gxf5 Bxf5 33. Bxf5 exf5 34.
Re5 Rf8 35. Bh4 Kh7 36. Be7 Rf7 37. Bh4 g6 38. hxg6+ Kxg6 39. Rg2+ Kh7 40. Rh2
Rd6 41. Kf1 Nb6 42. Be7 Rd7 43. Bg5 Rd6 44. Rxh6+ Rxh6 45. Bxh6 Na4 46. Bg5
Nxb2 47. Ke2 Ra7 48. Be7 Nd3 49. Re3 Nxf4+ 50. Kf3 Ng6 51. Bc5 Rf7 52. Re6 f4
53. Kg4 f3 54. Re1 f2 55. Rf1 Kh6 56. Kg3 Kg5 57. Rxf2 Rxf2 58. Kxf2 Kf4 59.
Ke2 Ke4 60. Bd6 Nh4 61. Kd2 Nf5 62. Bc5 Kf3 63. Bb4 Ng3 64. Be7 Ne4+ 65. Kc2
Ke2 66. Bb4 Nf2 67. Bf8 Ng4 68. Bg7 Ne3+ 69. Kb2 Kd3 70. a4 bxa4 71. Ka3 Kxc3
72. Kxa4 Nf5 0-1

[Event "24. OSREDNJA SLOVENSKA LIGA 2023"]
[Site "gostovanja"]
[Date "2023.09.18"]
[Round "1.3"]
[White "Vodnik, Val"]
[Black "Osolin, Bogdan"]
[Result "1/2-1/2"]
[WhiteElo "1556"]
[BlackElo "1965"]
[PlyCount "46"]
[EventDate "2023.09.18"]
[WhiteTeam "SD VRHNIKA"]
[BlackTeam "SD CRNI GRABEN"]

1. d4 d6 2. c4 e5 3. e4 Be7 4. Nf3 Bg4 5. Be3 Nd7 6. g3 Ngf6 7. Nc3 exd4 8.
Bxd4 Ne5 9. Bxe5 Bxf3 10. Qxf3 dxe5 11. Rd1 Qc8 12. Nd5 c6 13. Nxf6+ Bxf6 14.
c5 Qc7 15. Qc3 Rd8 16. Bd3 Rd4 17. O-O O-O 18. Bc2 Rfd8 19. Rd3 Rxd3 20. Bxd3
Rd4 21. Rd1 g6 22. Bc2 Rxd1+ 23. Bxd1 Qd8 1/2-1/2

[Event "24. OSREDNJA SLOVENSKA LIGA 2023"]
[Site "gostovanja"]
[Date "2023.09.18"]
[Round "1.4"]
[White "Majcen, Zoran"]
[Black "Sever, Gasper"]
[Result "1-0"]
[WhiteElo "1800"]
[BlackElo "1406"]
[PlyCount "133"]
[EventDate "2023.09.18"]
[WhiteTeam "SD CRNI GRABEN"]
[BlackTeam "SD VRHNIKA"]

1. e4 e5 2. d4 exd4 3. Qxd4 Nc6 4. Qe3 Nf6 5. Bd2 d6 6. Nc3 Be6 7. Bb5 Qd7 8.
Nd5 a6 9. Nxf6+ gxf6 10. Ba4 d5 11. exd5 Qxd5 12. Nf3 O-O-O 13. Bb3 Qf5 14.
O-O-O Bc5 15. Qh6 Rhg8 16. Nh4 Qxf2 17. Rhf1 Qd4 18. Qxf6 Qxf6 19. Rxf6 Be7 20.
Rxe6 fxe6 21. Bxe6+ Kb8 22. Bxg8 Rxg8 23. Nf5 Rxg2 24. Nxe7 Nxe7 25. Bf4 Kc8
26. b3 Ng6 27. Bg3 Re2 28. Rd5 Re6 29. Kd2 c6 30. Rh5 Re7 31. c4 Kd7 32. Kd3
Ke6 33. c5 Kf6 34. Bd6 Rf7 35. Kc4 Kg7 36. Kb4 Ne7 37. Bxe7 Rxe7 38. Ka5 Kf6
39. Rh3 Rd7 40. Kb6 Ke5 41. b4 Kf4 42. a3 Kg4 43. Rg3+ Kh4 44. Rg8 Kh3 45. Rb8
Kxh2 46. Rxb7 Rxb7+ 47. Kxb7 h5 48. Kxc6 h4 49. Kb6 h3 50. c6 Kg3 51. c7 h2 52.
c8=Q h1=Q 53. Qc3+ Kf4 54. Kxa6 Qa8+ 55. Kb5 Qb7+ 56. Ka4 Qd7+ 57. Kb3 Qd1+ 58.
Kb2 Qe2+ 59. Qc2 Qb5 60. Qf2+ Ke4 61. Qh4+ Kd3 62. Qf4 Qc6 63. Qf5+ Kd4 64. Qc2
Qb5 65. Qc3+ Kd5 66. Kb3 Qf1 67. Qc5+ 1-0

[Event "24. OSREDNJA SLOVENSKA LIGA 2023"]
[Site "gostovanja"]
[Date "2023.09.18"]
[Round "1.1"]
[White "Butala, Marjan"]
[Black "Plaskan, Jure"]
[Result "0-1"]
[WhiteElo "1897"]
[BlackElo "2261"]
[PlyCount "100"]
[EventDate "2023.09.18"]
[WhiteTeam "KPSRD KAREL JERAJ"]
[BlackTeam "SD DOMZALE"]

1. Nf3 Nf6 2. d4 c5 3. e3 d5 4. Bb5+ Nc6 5. c3 e6 6. Ne5 Qc7 7. Qa4 Bd7 8. Nxd7
Nxd7 9. Nd2 Bd6 10. Nf3 O-O 11. dxc5 Nxc5 12. Qd1 a6 13. Bxc6 bxc6 14. O-O e5
15. h3 Qe7 16. b4 Nd7 17. Bb2 e4 18. Nd4 Bc7 19. g3 Ne5 20. Rb1 Qd7 21. Kg2 a5
22. a3 Nc4 23. Qe2 f5 24. Bc1 Rf6 25. Qh5 Raf8 26. Rh1 Rg6 27. Kf1 Ne5 28. Qd1
Nd3 29. Ne2 Rh6 30. Nf4 Ne5 31. b5 Rd8 32. b6 Rb8 33. b7 g5 34. Ne2 c5 35. c4
Rd6 36. cxd5 Rxd5 37. Qc2 f4 38. Nc3 Rd3 39. exf4 Qd4 40. Nb5 Qd7 41. Nxc7 Rd1+
42. Kg2 Rxh1 43. g4 Rxh3 44. f5 Rh4 45. Qb3+ c4 46. Qb6 Rxg4+ 47. Kh2 Nf3+ 48.
Kh3 Rh4+ 49. Kg2 Rh2+ 50. Kg3 Rxb7 0-1

[Event "24. OSREDNJA SLOVENSKA LIGA 2023"]
[Site "gostovanja"]
[Date "2023.09.18"]
[Round "1.2"]
[White "Skok, Joze"]
[Black "Kutin, Dusan"]
[Result "1-0"]
[WhiteElo "1930"]
[BlackElo "1721"]
[PlyCount "33"]
[EventDate "2023.09.18"]
[WhiteTeam "SD DOMZALE"]
[BlackTeam "KPSRD KAREL JERAJ"]

1. e4 e6 2. d4 d5 3. Nd2 Nc6 4. c3 a6 5. Bd3 dxe4 6. Nxe4 f5 7. Ng5 Be7 8. N1h3
Nf6 9. Qe2 Qd7 10. Bc4 Nd5 11. O-O O-O 12. Re1 b5 13. Bb3 Rf6 14. Nf4 h6 15.
Ngxe6 Nxf4 16. Nxf4+ Kh7 17. d5 1-0

[Event "24. OSREDNJA SLOVENSKA LIGA 2023"]
[Site "gostovanja"]
[Date "2023.09.18"]
[Round "1.3"]
[White "Novakovic, Novica"]
[Black "Markosek, Bine"]
[Result "0-1"]
[WhiteElo "1644"]
[BlackElo "1821"]
[PlyCount "98"]
[EventDate "2023.09.18"]
[WhiteTeam "KPSRD KAREL JERAJ"]
[BlackTeam "SD DOMZALE"]

1. d4 d5 2. Bf4 Nf6 3. e3 e6 4. c3 Be7 5. Bd3 O-O 6. Nf3 b6 7. h3 Bb7 8. O-O
Ne4 9. Nbd2 Bd6 10. Bh2 Bxh2+ 11. Kxh2 Qd6+ 12. Kg1 Nd7 13. Qc2 f5 14. c4 Nxd2
15. Nxd2 c5 16. Nf3 dxc4 17. Bxc4 Bxf3 18. gxf3 cxd4 19. Rad1 Ne5 20. Be2 d3
21. Rxd3 Nxd3 22. Bxd3 Qe7 23. Qb3 Rf6 24. Kh2 Rd8 25. f4 Qd6 26. Bc4 Rg6 27.
Rg1 Rxg1 28. Bxe6+ Kf8 29. Kxg1 Qd1+ 30. Qxd1 Rxd1+ 31. Kg2 g6 32. a4 Ke7 33.
Bc4 Kd7 34. b3 Kc6 35. Kg3 Kc5 36. Kf3 Rd7 37. Ke2 Kb4 38. f3 Kc3 39. e4 Re7
40. h4 h6 41. Kf2 g5 42. fxg5 hxg5 43. hxg5 Kd4 44. Kg3 Rg7 45. f4 Kxe4 46. Ba6
Rc7 47. Bc4 Rg7 48. Ba6 Rh7 49. g6 Rg7 0-1

[Event "24. OSREDNJA SLOVENSKA LIGA 2023"]
[Site "gostovanja"]
[Date "2023.09.18"]
[Round "1.4"]
[White "Faganel, Kaja"]
[Black "Cizman, Gregor"]
[Result "1-0"]
[WhiteElo "1615"]
[BlackElo "1504"]
[PlyCount "47"]
[EventDate "2023.09.18"]
[WhiteTeam "SD DOMZALE"]
[BlackTeam "KPSRD KAREL JERAJ"]

1. Nf3 Nf6 2. c4 c6 3. b3 d5 4. e3 Bg4 5. Bb2 e6 6. Be2 Nbd7 7. d4 Bd6 8. Nbd2
O-O 9. O-O Re8 10. Qc2 Rc8 11. e4 dxe4 12. Nxe4 Nxe4 13. Qxe4 Nf6 14. Qe3 Qc7
15. Ne5 Bxe2 16. Qxe2 Nd7 17. f4 f6 18. Nd3 e5 19. dxe5 fxe5 20. fxe5 Nxe5 21.
Rae1 Nf7 22. Qxe8+ Rxe8 23. Rxe8+ Bf8 24. Ba3 1-0

[Event "24. OSREDNJA SLOVENSKA LIGA 2023"]
[Site "gostovanja"]
[Date "2023.09.18"]
[Round "1.1"]
[White "Keber, Aljosa"]
[Black "Zidar, Jernej"]
[Result "1-0"]
[WhiteElo "1861"]
[BlackElo "1976"]
[PlyCount "63"]
[EventDate "2023.09.18"]
[WhiteTeam "SK KOMENDA POGI"]
[BlackTeam "SK KOMENDA POPOTNIK"]

1. d4 d5 2. Bf4 Nf6 3. e3 g6 4. Nc3 Bg7 5. h4 h5 6. Qd2 a6 7. Nf3 Bf5 8. Ne5
Nbd7 9. f3 c5 10. Be2 Rc8 11. O-O-O cxd4 12. exd4 b5 13. g4 hxg4 14. fxg4 b4
15. gxf5 bxc3 16. bxc3 Ne4 17. Qd3 Qa5 18. Qxa6 Qxc3 19. Kb1 Qxc2+ 20. Ka1 Qc3+
21. Kb1 Rb8+ 22. Bb5 Qb4+ 23. Ka1 Qxb5 24. Qxb5 Rxb5 25. Rc1 Nxe5 26. Bxe5 Bxe5
27. dxe5 Kd7 28. fxg6 fxg6 29. Rhg1 Rxh4 30. Rxg6 Rh2 31. Rgc6 Ra5 32. e6+ 1-0

[Event "24. OSREDNJA SLOVENSKA LIGA 2023"]
[Site "gostovanja"]
[Date "2023.09.18"]
[Round "1.2"]
[White "Perme, Martin"]
[Black "Macek, Inti"]
[Result "1-0"]
[WhiteElo "1759"]
[BlackElo "1472"]
[PlyCount "83"]
[EventDate "2023.09.18"]
[WhiteTeam "SK KOMENDA POPOTNIK"]
[BlackTeam "SK KOMENDA POGI"]

1. e4 e5 2. f4 d6 3. Nf3 Nc6 4. Bb5 Bg4 5. O-O Nf6 6. Qe1 Bxf3 7. Rxf3 Nd7 8.
c3 Be7 9. Qg3 Bf6 10. d3 Qe7 11. Be3 a6 12. Ba4 exf4 13. Bxf4 O-O 14. Nd2 Nce5
15. Rff1 Ng6 16. Be3 Nde5 17. d4 b5 18. Bb3 Nc6 19. Bd5 Qd7 20. Rxf6 gxf6 21.
Bh6 Nce7 22. Bxa8 Rxa8 23. Qf3 Qe6 24. e5 Rb8 25. exf6 Nf5 26. Bg5 h6 27. g4
Nfh4 28. Bxh4 Nxh4 29. Qg3 Qxf6 30. Rf1 Qg5 31. Ne4 Qe7 32. Nf6+ Kg7 33. Qxh4
Qe3+ 34. Kh1 Qd3 35. Qf2 Qg6 36. h4 Kh8 37. d5 Ra8 38. Qd4 Qg7 39. g5 hxg5 40.
hxg5 Qxg5 41. Rf4 Qe5 42. Qf2 1-0

[Event "24. OSREDNJA SLOVENSKA LIGA 2023"]
[Site "gostovanja"]
[Date "2023.09.18"]
[Round "1.3"]
[White "Babarovic, Fran"]
[Black "Cimperman, Teo"]
[Result "0-1"]
[WhiteElo "1653"]
[BlackElo "1640"]
[PlyCount "80"]
[EventDate "2023.09.18"]
[WhiteTeam "SK KOMENDA POGI"]
[BlackTeam "SK KOMENDA POPOTNIK"]

1. e4 c5 2. Nc3 Nc6 3. g3 g6 4. Bg2 Bg7 5. d3 Nf6 6. h3 d6 7. Be3 O-O 8. Qd2 a6
9. Nge2 Bd7 10. O-O h5 11. Bh6 Qc8 12. Bxg7 Kxg7 13. Kh2 Rh8 14. Rh1 h4 15. g4
Qc7 16. Kg1 Qb6 17. a4 Nd4 18. b3 Qb4 19. Qd1 e5 20. g5 Nh5 21. a5 Raf8 22. Nd5
Nxe2+ 23. Qxe2 Qb5 24. Bf3 Be6 25. Bxh5 Rxh5 26. Nf6 Rxg5+ 27. Ng4 f5 28. Qe3
f4 29. Qf3 Qd7 30. Kf1 Bxg4 31. hxg4 Qxg4 32. Qxg4 Rxg4 33. f3 Rg3 34. Kf2 Rh8
35. b4 cxb4 36. Rab1 Rc8 37. Rxh4 Rxc2+ 38. Kf1 Rxf3+ 39. Ke1 Rxd3 40. Rxb4 f3
0-1

[Event "24. OSREDNJA SLOVENSKA LIGA 2023"]
[Site "gostovanja"]
[Date "2023.09.18"]
[Round "1.4"]
[White "Perme, Stanko"]
[Black "Zagar, Katarina"]
[Result "1-0"]
[WhiteElo "1033"]
[BlackElo "1149"]
[PlyCount "73"]
[EventDate "2023.09.18"]
[WhiteTeam "SK KOMENDA POPOTNIK"]
[BlackTeam "SK KOMENDA POGI"]

1. e4 e5 2. Nf3 Nc6 3. Bc4 Bc5 4. c3 Nf6 5. d3 d6 6. Bg5 h6 7. Bh4 a5 8. O-O
O-O 9. d4 exd4 10. cxd4 Ba7 11. Nc3 Bg4 12. Be2 Bxf3 13. Bxf3 Bxd4 14. Rc1 Be5
15. Bg4 g5 16. Bg3 Nxg4 17. Qxg4 Qc8 18. Qh5 Bxg3 19. fxg3 Qe6 20. Nd5 Qg6 21.
Qg4 Kh8 22. Rf6 Qg7 23. Rcf1 Ne5 24. Qh3 Ng6 25. Ne3 Qh7 26. Qh5 Kg7 27. Ng4
Rae8 28. Nxh6 Qxh6 29. Rxf7+ Rxf7 30. Rxf7+ Kxf7 31. Qxh6 Kf6 32. Qh7 Re7 33.
Qg8 Rxe4 34. Qd5 Re5 35. Qxb7 Rc5 36. Qf3+ Rf5 37. Qc3+ 1-0

[Event "24. OSREDNJA SLOVENSKA LIGA 2023"]
[Site "gostovanja"]
[Date "2023.09.18"]
[Round "1.1"]
[White "Lanjscek, Miha"]
[Black "Krupenko, Peter"]
[Result "1/2-1/2"]
[WhiteElo "1785"]
[BlackElo "2015"]
[PlyCount "136"]
[EventDate "2023.09.18"]
[WhiteTeam "SK TRZIN PEKOS PUB"]
[BlackTeam "SK TRZIN BUSCOTRADE"]

1. d4 d5 2. c4 c6 3. cxd5 cxd5 4. Bg5 Nc6 5. Nc3 Qb6 6. e3 e6 7. Qd2 Bd6 8. Nf3
f6 9. Bh4 Nge7 10. Be2 Nf5 11. Bg3 Nxg3 12. hxg3 Bd7 13. O-O Ne7 14. e4 dxe4
15. Nxe4 Nd5 16. Nxd6+ Qxd6 17. Rac1 O-O 18. Bd3 Be8 19. Rfe1 Bf7 20. a3 Rfd8
21. Qc2 g6 22. Be4 Kg7 23. Bxd5 Qxd5 24. Qc5 Qb3 25. Qc3 Qb5 26. Qc5 Qxb2 27.
Rb1 b6 28. Rxb2 bxc5 29. dxc5 Rdc8 30. Rc1 Rc7 31. Rbc2 Rb8 32. Rc3 e5 33. g4
h6 34. Nd2 Bd5 35. f3 Kf7 36. Kf2 Rb5 37. Ke3 Ke6 38. R1c2 h5 39. gxh5 gxh5 40.
Ne4 a6 41. Nd6 Rb8 42. Kf2 h4 43. Ke3 Rh8 44. Rf2 f5 45. Kd3 Rd8 46. Rfc2 e4+
47. Ke3 exf3 48. gxf3 Rh8 49. Kf4 h3 50. Rh2 Rg7 51. Rcc2 Rh4+ 52. Ke3 Bc6 53.
Rc4 Rxc4 54. Nxc4 Rg3 55. Nd2 Kd5 56. Kf2 f4 57. Ne4 Rg2+ 58. Rxg2 hxg2 59.
Kxg2 Kc4 60. Kh3 Kb3 61. Kg4 Kxa3 62. Kxf4 Kb4 63. Ke5 a5 64. f4 a4 65. Kd4
Bxe4 66. Kxe4 Kxc5 67. Kd3 a3 68. Kc2 Kd5 1/2-1/2

[Event "24. OSREDNJA SLOVENSKA LIGA 2023"]
[Site "gostovanja"]
[Date "2023.09.18"]
[Round "1.2"]
[White "Krumpak, Hinko"]
[Black "Konvalinka, Kostja"]
[Result "1-0"]
[WhiteElo "2008"]
[BlackElo "1726"]
[PlyCount "29"]
[EventDate "2023.09.18"]
[WhiteTeam "SK TRZIN BUSCOTRADE"]
[BlackTeam "SK TRZIN PEKOS PUB"]

1. Nf3 d5 2. g3 Nf6 3. Bg2 c5 4. O-O Nc6 5. d4 e6 6. c4 dxc4 7. Qa4 Be7 8. Ne5
O-O 9. Nxc6 bxc6 10. dxc5 Qd4 11. Rd1 Qxc5 12. Be3 Qh5 13. Qxc6 Rb8 14. Qc7
Qxe2 15. Nc3 1-0

[Event "24. OSREDNJA SLOVENSKA LIGA 2023"]
[Site "gostovanja"]
[Date "2023.09.18"]
[Round "1.3"]
[White "Azinovic, Igor"]
[Black "Borisek, Anze"]
[Result "0-1"]
[WhiteElo "1702"]
[BlackElo "1882"]
[PlyCount "106"]
[EventDate "2023.09.18"]
[WhiteTeam "SK TRZIN PEKOS PUB"]
[BlackTeam "SK TRZIN BUSCOTRADE"]

1. e4 Nf6 2. e5 Nd5 3. d4 d6 4. c4 Nb6 5. f4 g6 6. Nf3 Bg7 7. Be2 Bf5 8. O-O
O-O 9. Be3 dxe5 10. fxe5 Nc6 11. Nc3 a5 12. Nh4 Bc8 13. Qd2 a4 14. a3 Na5 15.
Rab1 Naxc4 16. Qd3 Bxe5 17. Bf2 Bf6 18. Ne4 Be6 19. Nxf6+ exf6 20. Qc3 Bd5 21.
Rbc1 c6 22. Qb4 Qd6 23. Qc3 Rfe8 24. Bg3 Qe6 25. Bxc4 Nxc4 26. Rce1 Qg4 27. Rf4
Rxe1+ 28. Qxe1 Qe6 29. Qf2 f5 30. Nf3 Qe3 31. Ne5 Qxf2+ 32. Rxf2 f6 33. Nd7 Kf7
34. Re2 g5 35. Be1 Nd6 36. Bb4 Ne4 37. Nb6 Ra6 38. Nxd5 cxd5 39. Rc2 Rc6 40.
Rxc6 bxc6 41. Kf1 Ke8 42. Ke2 Kd7 43. Kd3 f4 44. Ke2 h5 45. Kf3 Kc7 46. h4 Kb6
47. Ke2 Kb5 48. Kd3 gxh4 49. Be1 f3 50. gxf3 h3 51. fxe4 dxe4+ 52. Kxe4 h2 53.
Bc3 h1=Q+ 0-1

[Event "24. OSREDNJA SLOVENSKA LIGA 2023"]
[Site "gostovanja"]
[Date "2023.09.18"]
[Round "1.4"]
[White "Borstnik, Ales"]
[Black "Banko, Franci"]
[Result "1-0"]
[WhiteElo "1799"]
[BlackElo "1404"]
[PlyCount "61"]
[EventDate "2023.09.18"]
[WhiteTeam "SK TRZIN BUSCOTRADE"]
[BlackTeam "SK TRZIN PEKOS PUB"]

1. e4 c5 2. Nf3 Nc6 3. d4 cxd4 4. Nxd4 e5 5. Nb5 d6 6. N1c3 Nf6 7. Bg5 Be7 8.
Bxf6 Bxf6 9. Qxd6 Qxd6 10. Nxd6+ Ke7 11. Nxc8+ Raxc8 12. Nd5+ Kf8 13. Nxf6 gxf6
14. O-O-O Rd8 15. Bc4 Ke7 16. Rxd8 Rxd8 17. Rd1 Nd4 18. c3 b5 19. Bf1 Ne6 20.
Rxd8 Kxd8 21. Bxb5 Ng7 22. Kd2 f5 23. exf5 Nxf5 24. Bd3 Nh4 25. Be4 f5 26. g3
fxe4 27. gxh4 Ke7 28. Ke3 Kf6 29. Kxe4 h5 30. b4 Ke6 31. c4 1-0

[Event "24. OSREDNJA SLOVENSKA LIGA 2023"]
[Site "gostovanja"]
[Date "2023.09.18"]
[Round "1.1"]
[White "Susnik, Matej"]
[Black "Borstar, Dusan"]
[Result "1/2-1/2"]
[WhiteElo "2003"]
[BlackElo "1691"]
[PlyCount "59"]
[EventDate "2023.09.18"]
[WhiteTeam "SD TOMO ZUPAN"]
[BlackTeam "SK LJUBLJANA"]

1. e4 c5 2. Nf3 d6 3. d4 cxd4 4. Nxd4 Nf6 5. Nc3 a6 6. f4 Qc7 7. Be3 Nbd7 8.
Qf3 b5 9. Bd3 Nc5 10. a3 Bg4 11. Qg3 e5 12. Nf3 Bxf3 13. Qxf3 Be7 14. O-O Nxd3
15. cxd3 Qd7 16. d4 Ng4 17. Nd5 Nxe3 18. Qxe3 exf4 19. Qxf4 Bd8 20. Rad1 Qe6
21. Qf3 Rc8 22. Nf4 Qd7 23. e5 O-O 24. Qg3 g6 25. Nd5 Qe6 26. Nf6+ Kg7 27. Nh5+
Kg8 28. Nf6+ Kg7 29. Nh5+ Kg8 30. Nf6+ 1/2-1/2

[Event "24. OSREDNJA SLOVENSKA LIGA 2023"]
[Site "gostovanja"]
[Date "2023.09.18"]
[Round "1.2"]
[White "Komelj, Erazem"]
[Black "Logar, Metod"]
[Result "0-1"]
[WhiteElo "1569"]
[BlackElo "1981"]
[PlyCount "60"]
[EventDate "2023.09.18"]
[WhiteTeam "SK LJUBLJANA"]
[BlackTeam "SD TOMO ZUPAN"]

1. d4 Nf6 2. Bf4 e6 3. e3 b6 4. c3 Bb7 5. Nf3 d5 6. Nbd2 Bd6 7. Bg3 O-O 8. Bd3
c5 9. Ne5 Nc6 10. f4 Ne7 11. Qf3 a5 12. Bf2 Ba6 13. Bc2 b5 14. g4 b4 15. g5 Ne8
16. Qh3 g6 17. Ng4 bxc3 18. bxc3 cxd4 19. Ba4 f5 20. gxf6 Nxf6 21. Nxf6+ Rxf6
22. Bh4 Nf5 23. Bxf6 Qxf6 24. cxd4 Bb4 25. Rd1 Rf8 26. Kf2 Nxd4 27. exd4 Bxd2
28. Rxd2 Qxf4+ 29. Ke1 Qe4+ 30. Kd1 Qb1# 0-1

[Event "24. OSREDNJA SLOVENSKA LIGA 2023"]
[Site "gostovanja"]
[Date "2023.09.18"]
[Round "1.3"]
[White "Markun, Ozbej"]
[Black "Samotorcan, Gal"]
[Result "1-0"]
[WhiteElo "1911"]
[BlackElo "1000"]
[PlyCount "73"]
[EventDate "2023.09.18"]
[WhiteTeam "SD TOMO ZUPAN"]
[BlackTeam "SK LJUBLJANA"]

1. e4 c6 2. d4 d5 3. Nc3 dxe4 4. Nxe4 Bf5 5. Ng3 Bg6 6. h4 h6 7. Nf3 Nd7 8. h5
Bh7 9. Bd3 Bxd3 10. Qxd3 Ngf6 11. Bd2 e6 12. O-O-O Qc7 13. Ne4 Nxe4 14. Qxe4
Nf6 15. Qe2 Bd6 16. g3 O-O-O 17. c4 c5 18. Bc3 cxd4 19. Nxd4 Bc5 20. Nb3 Bd6
21. Kb1 Rhg8 22. Ba5 b6 23. c5 bxa5 24. cxd6 Qb6 25. Rh4 Nd5 26. Ra4 Rxd6 27.
Rxa5 Kd7 28. Rb5 Qc6 29. Na5 Qa8 30. Nc4 Ra6 31. Ne5+ Kd6 32. Nxf7+ Ke7 33.
Rbxd5 Kxf7 34. Rd7+ Kf6 35. Qxa6 Qe4+ 36. Qd3 Qb4 37. Qf3+ 1-0

[Event "24. OSREDNJA SLOVENSKA LIGA 2023"]
[Site "gostovanja"]
[Date "2023.09.18"]
[Round "1.4"]
[White "Lovric, Tit"]
[Black "Demsar, Maks"]
[Result "0-1"]
[WhiteElo "1000"]
[BlackElo "1532"]
[PlyCount "76"]
[EventDate "2023.09.18"]
[WhiteTeam "SK LJUBLJANA"]
[BlackTeam "SD TOMO ZUPAN"]

1. e4 e5 2. Nf3 Nc6 3. Nc3 Nf6 4. Bb5 Bc5 5. d3 d6 6. h3 a6 7. Bxc6+ bxc6 8. d4
exd4 9. Nxd4 O-O 10. Bg5 Re8 11. f3 Nxe4 12. Nxe4 Qxg5 13. O-O Qe3+ 14. Kh1
Qxd4 15. c3 Qxd1 16. Raxd1 Bb6 17. Rfe1 Bf5 18. g4 Bxe4 19. fxe4 Re5 20. Re2
Rae8 21. Rde1 d5 22. b4 Rxe4 23. Rxe4 Rxe4 24. Rd1 f6 25. a4 Rc4 26. Rd3 Bf2
27. Rf3 Be1 28. b5 cxb5 29. axb5 axb5 30. Re3 Bxc3 31. Re8+ Kf7 32. Rb8 b4 33.
Kg2 d4 34. Rb5 d3 35. Rf5 d2 36. g5 d1=Q 37. gxf6 Qe2+ 38. Kg3 Be1+ 0-1